| 000 | 00424nam a2200145 a 4500 | ||
|---|---|---|---|
| 001 | 000042241 | ||
| 005 | 20201002040026.0 | ||
| 008 | 131120s1995 ag ao 000 0 spa d | ||
| 020 | _a950951764X | ||
| 040 |
_aDO-SdBNP _bspa _cBNPHU |
||
| 082 |
_axxxx _bxxxx |
||
| 245 | 0 | 0 |
_aBibliotecas populares : _bArgentinas. |
| 260 |
_aBuenos Aires, ArgentinaM : _banrique Zago ediciones, _c1995. |
||
| 300 |
_a222 p. : _bil., fot. ; _c32 cm. |
||
| 999 |
_c41730 _d41730 |
||